| 000 | 00718cam a2200241 i 4500 | ||
|---|---|---|---|
| 001 | 33761 | ||
| 003 | BD-RjUL | ||
| 005 | 20211209052045.0 | ||
| 008 | 140511s1974 nyu b 000 1 eng d | ||
| 035 | _a(BD-RjUL)33852 | ||
| 040 |
_aDLC _cDLC _dBD-RjUL _beng |
||
| 041 | _aeng | ||
| 082 | 0 | 0 |
_a301 _bSOC 1974 |
| 245 | 0 | 0 |
_aSociology through science fiction / _cedited by John W. Milstead ... [et al.]. |
| 260 |
_aNew York : _bSt. Martin's Press, _c1974. |
||
| 300 |
_axiii, 412 p. ; _c23 cm. |
||
| 504 | _aIncludes bibliographical references. | ||
| 650 | 0 |
_aSociology _xFiction. _9102511 |
|
| 700 | 1 |
_aMilstead, John W., _ecomp. _9102512 |
|
| 942 |
_2ddc _cBK |
||
| 999 |
_c33761 _d33761 |
||